Analýza využitia informačných systémov v cestovnom ruchu bakalárska práca

Gespeichert in:
Bibliographische Detailangaben
1. Verfasser: Kinczerová, Renáta
Körperschaft: Obchodná fakulta EU. Katedra informatiky obchodných firiem
Weitere Verfasser: Hasan, Jamal
Format: Buch
Sprache:Slowakisch
Veröffentlicht: Bratislava 2012
Tags: Tag hinzufügen
Keine Tags, Fügen Sie das erste Tag hinzu!

MARC

LEADER 00000nbm a2200000 4500
001 0154454
005 20161109111845.2
041 0 |a slo 
044 |a SK 
245 1 0 |a Analýza využitia informačných systémov v cestovnom ruchu  |b bakalárska práca  |c Renáta Kinczerová ; školiteľ: Jamal Hasan 
264 1 |a Bratislava  |c 2012 
300 |a 62 s. 
100 1 |a Kinczerová, Renáta 
700 1 |a Hasan, Jamal 
710 2 |a Obchodná fakulta EU. Katedra informatiky obchodných firiem